Selected decisions of the company law board benches (Record no. 497936)

000 -LEADER
fixed length control field 00480cam a22001097a 4500
008 - FIXED-LENGTH DATA ELEMENTS--GENERAL INFORMATION
fixed length control field 180718b1980 xxu||||| |||| 00| 0 eng d
082 ## - DEWEY DECIMAL CLASSIFICATION NUMBER
Classification number T31038x54 In2
245 ## - TITLE STATEMENT
Title Selected decisions of the company law board benches
Statement of responsibility, etc. by Ministry of Law, Justice & Company Affairs, Department of Company Affairs,india
260 ## - PUBLICATION, DISTRIBUTION, ETC.
Place of publication, distribution, etc. New Delhi
Name of publisher, distributor, etc. The Manager,Goverment of India Press
Date of publication, distribution, etc. 1980
300 ## - PHYSICAL DESCRIPTION
Extent 436+p.
700 ## - ADDED ENTRY--PERSONAL NAME
Personal name India.Ministry of Law, Justice & Company Affairs. Department of Company Affairs
Holdings
Withdrawn status Lost status Damaged status Not for loan Permanent Location Current Location Date acquired Full call number Barcode Date last seen Price effective from Koha item type
        Indian Institute of Public Administration Indian Institute of Public Administration 2018-08-04 T31038x54 In2 G15259 2018-08-04 2018-08-04 G

Powered by Koha